Mathematical and physical principles of engineering analysis, (Record no. 543592)
[ view plain ]
| 000 -LEADER | |
|---|---|
| fixed length control field | 00536nam a22001571 4500 |
| 082 00 - DEWEY DECIMAL CLASSIFICATION NUMBER | |
| Classification number | 510.2462 |
| Author Mark | JOH |
| -- | L-3, P-18 |
| 100 1# - MAIN ENTRY--PERSONAL NAME | |
| Personal name | Johnson, Walter Curtis, |
| 9 (RLIN) | 39002 |
| 245 10 - TITLE STATEMENT | |
| Title | Mathematical and physical principles of engineering analysis, |
| Statement of responsibility, etc. | by Walter C. Johnson ... |
| 250 ## - EDITION STATEMENT | |
| Edition statement | 1st ed. |
| 260 ## - PUBLICATION, DISTRIBUTION, ETC. | |
| Place of publication, distribution, etc. | New York; |
| -- | London, |
| Name of publisher, distributor, etc. | McGraw-Hill book company, inc., |
| Date of publication, distribution, etc. | 1944. |
| 300 ## - PHYSICAL DESCRIPTION | |
| Extent | x, 346 p. |
| Other physical details | diagrs. |
| Dimensions | 22 cm. |
| 526 ## - STUDY PROGRAM INFORMATION NOTE | |
| Program name | 0 |
| Interest level | 0 |
| Reading level | 0 |
| Title point value | 510_246200000000000_JOH |
| 650 #0 - SUBJECT ADDED ENTRY--TOPICAL TERM | |
| Topical term or geographic name entry element | Engineering mathematics. |
| 9 (RLIN) | 2310 |
| 650 #0 - SUBJECT ADDED ENTRY--TOPICAL TERM | |
| Topical term or geographic name entry element | MCE |
| 9 (RLIN) | 379 |
| 942 ## - ADDED ENTRY ELEMENTS (KOHA) | |
| Source of classification or shelving scheme | |
| Koha item type | Book |
| Withdrawn status | Lost status | Source of classification or shelving scheme | Damaged status | Not for loan | Permanent Location | Current Location | Date acquired | Total Checkouts | Full call number | Barcode | Date last seen | Price effective from | Koha item type |
|---|---|---|---|---|---|---|---|---|---|---|---|---|---|
| Military College of Engineering (MCE) | Military College of Engineering (MCE) | 03/27/2014 | 510.2462 JOH | MCE-29894 | 03/27/2014 | 03/27/2014 | Book |
